Thomas Calculus / (Record no. 31524)

000 -LEADER
fixed length control field 00323nam a22001337a 4500
020 ## - INTERNATIONAL STANDARD BOOK NUMBER
International Standard Book Number 8-13-171867-4
082 ## - DEWEY DECIMAL CLASSIFICATION NUMBER
Classification number 515
Author Mark THO
100 ## - MAIN ENTRY--PERSONAL NAME
Personal name Thomas , George
9 (RLIN) 129503
245 ## - TITLE STATEMENT
Title Thomas Calculus /
Statement of responsibility, etc. George Thomas
260 ## - PUBLICATION, DISTRIBUTION, ETC.
Place of publication, distribution, etc. [S.l.]
Name of publisher, distributor, etc. Pearson,
Date of publication, distribution, etc. 2008
300 ## - PHYSICAL DESCRIPTION
Extent 1 v. (unpaged) ;
500 ## - GENERAL NOTE
General note Hardcover.
942 ## - ADDED ENTRY ELEMENTS (KOHA)
Koha item type Book
Source of classification or shelving scheme
Holdings
Withdrawn status Lost status Source of classification or shelving scheme Damaged status Not for loan Permanent Location Current Location Date acquired Full call number Barcode Date last seen Price effective from Koha item type
          School of Mechanical & Manufacturing Engineering (SMME) School of Mechanical & Manufacturing Engineering (SMME) 06/25/2015 515 THO SMME-40 03/20/2018 06/25/2015 Book
© 2023 Central Library, National University of Sciences and Technology. All Rights Reserved.